Регионална библиотека "Любен Каравелов" - Русе

Самостоятелна изложба на Любомир Касабов (Запис номер 503924)

MARC детайли
000 -Лидер
Лидер 01282naa a2200265 a 4500
003 - Код на организацията, давaща контролен номер
Код на организацията, даваща контролен номер BLK
005 - Дата и час на последна редакция
Дата и час на последна редакция 20240410131446.0
007 - Фиксирано поле за физическо описани
Физическо описание ta
008 - Елементи от данни с фиксирана дължина
Елементи с фиксирана дължина 240216b bu |||||r|||| 00| | bu d
040 ## - Източник на каталожния запис
Код на библиотеката BLK
041 ## - Код за език
Език Български
Език за КДБФ Български
080 ## - УДК
УДК текст Живопис - художници
УДК код 75.071.1
УДК – определител (497.2)(092)
УДК – код + определител 75.071.1(497.2)(092)
080 ## - УДК
УДК текст Биографии
УДК код 929
УДК – определител (497.2)
УДК – код + определител 929(497.2)
100 ## - Редна дума - Автор
Автор Василева, Красимира Николова
Години, свързани с автора 1952-
Биография на автора Поет, публицист, литературна критика. Журналист във вестник Утро (Дунавска правда)
R(LIN) 479333
245 ## - Сведения за заглавието
Заглавие Самостоятелна изложба на Любомир Касабов
Авторска отговорност К. Василева
300 ## - Физическа характеристика
Брой страници № 92, 12. май 1981
520 ## - Забележка за наличие на резюме, анотация и т.н
Анотация, рецензия Изложба-живопис на художника Любомир Касабов
600 14 - Име на лице, използвано като предмет
9 (RLIN) 77367
За него / За нея Касабов, Любомир Йорданов
653 ## - Ключова дума – ненормативна
9 (RLIN) 182731
Ключови думи български художници
653 ## - Ключова дума – ненормативна
9 (RLIN) 195878
Ключови думи русенци
773 0# - Описание на основна библиографска единица при аналитични записи (многотомни)
Контролен номер на записа 291955
Международен стандартен номер на серията ISSN C613-1425
Място на издаване, издател и година София ОбК на БКП и др. 1950
Заглавие на източника Дунавска правда
Информация за връзката . //
856 ## - Електронен адрес и достъп
Инструкция (цена за достъп) 0.00
Права за достъп disable
942 ## - АРТИКУЛИ
Източник на класификационната схема Universal Decimal Classification
Вид на библиотечния документ Статия
Скрит в OPAC Не
944 ## - СЪЗДАВАНЕ И РЕДАКЦИЯ на ЗАПИСА
Дата на регистрацията/редакция Геновева Генчева
Служител, извършил регистрацията/редакцията 30560
Номер на служител Геновева Генчева
Създаване/Редакция
999 ## - СИСТЕМНИ КОНТРОЛНИ НОМЕРА
Koha biblionumber 503924
Koha biblioitemnumber 503924

Няма налични копия.

Vip Innovations Ltd, Rousse, Bulgaria 2025